Tabasco Bottle Suggestions Quiz Stats

 Plays Quiz not verified by Sporcle

Support Sporcle.
Go Orange.
Score 0/12 Timer 03:00
0 Plays Today
Suggested Use % Correct
eggs
87%
steak
82.6%
chicken
78.3%
soups
73.9%
seafood
60.9%
pizza
47.8%
Mexican
43.5%
pasta
43.5%
BBQ
34.8%
Chinese
26.1%
dressings (I know, super weird, right?)
21.7%
appetizers
13%

You're not logged in!

Compare scores with friends on all Sporcle quizzes.
OR
Log In

From the Vault

Speed Gaming

by gwukelic

We're not sure any Monopoly questions should be included in a speed quiz.
Remove Ads.
Support Sporcle.
Get the best of Sporcle when you Go Orange. This ad-free experience offers more features, more stats, and more fun while also helping to support Sporcle. Thank you for becoming a member.

Show Comments

Extras

Top Quizzes Today


Score Distribution

Your Account Isn't Verified!

In order to create a playlist on Sporcle, you need to verify the email address you used during registration. Go to your Sporcle Settings to finish the process.

Report this User

Report this user for behavior that violates our Community Guidelines.

Details: